[Event "FRA-ch U18"]
[Site "Montbeliard"]
[Date "2014.04.25"]
[Round "7"]
[White "Messinger, Karl"]
[Black "Sarafian, Thomas"]
[Result "1-0"]
[WhiteElo "2204"]
[BlackElo "1908"]
[PlyCount "65"]
[EventDate "2014.04.21"]
[EventType "swiss"]
[EventRounds "9"]
[EventCountry "FRA"]
[SourceTitle "CBM 160 Extra"]
[Source "ChessBase"]
[SourceDate "2014.07.01"]
[SourceVersion "1"]
[SourceVersionDate "2014.07.01"]
[SourceQuality "1"]

1. e4 e5 2. Nf3 d6 3. d4 exd4 4. Nxd4 Nf6 5. Nc3 Be7 6. h3 0-0 7. g4 Re8 8. Bg2 d5 9. exd5 Bb4+ 10. Nde2 Bxc3+ 11. bxc3 Ne4 12. 0-0 h5 13. Ng3 Nxg3 14. fxg3 hxg4 15. hxg4 Nd7 16. Rb1 Ne5 17. Rb4 a5 18. Rd4 Ra6 19. g5 b5 20. Qh5 Bb7 21. Rh4 Ng6 22. Qh7+ Kf8 23. Ba3+ b4 24. cxb4 Qd6 25. b5 Qxa3 26. bxa6 Qe3+ 27. Kh2 Bxa6 28. Qxg6 Bxf1 29. Rh8+ Ke7 30. Rxe8+ Kxe8 31. Qc6+ Kf8 32. Bxf1 Qf2+ 33. Bg2 1-0

[Event "FRA-ch U16"]
[Site "Saint Paul Trois Chateaux"]
[Date "2013.05.02"]
[Round "5"]
[White "Dumas, Charles"]
[Black "Sarafian, Thomas"]
[Result "1/2-1/2"]
[WhiteElo "2077"]
[BlackElo "1802"]
[PlyCount "98"]
[EventDate "2013.04.28"]
[EventType "swiss"]
[EventRounds "9"]
[EventCountry "FRA"]
[SourceTitle "CBM 154 Extra"]
[Source "ChessBase"]
[SourceDate "2013.06.25"]
[SourceVersion "2"]
[SourceVersionDate "2013.06.25"]
[SourceQuality "1"]

1. e4 c5 2. c3 Nf6 3. e5 Nd5 4. d4 cxd4 5. Nf3 Nc6 6. cxd4 d6 7. Bc4 Nb6 8. Bb5 Bd7 9. Nc3 dxe5 10. dxe5 g6 11. 0-0 Bg7 12. Qe2 0-0 13. h3 a6 14. Bd3 Qc7 15. Bf4 Nb4 16. Be4 Be6 17. Rfd1 Rfd8 18. Rxd8+ Rxd8 19. Rc1 Qb8 20. b3 N4d5 21. Nxd5 Bxd5 22. Qe3 Bxe4 23. Qxe4 e6 24. Bg5 Rc8 25. Rxc8+ Qxc8 26. Qh4 Nd5 27. Bh6 Qc7 28. g3 Qe7 29. Qxe7 Nxe7 30. Bxg7 Kxg7 31. Kf1 Nd5 32. a3 h6 33. Ke2 Kf8 34. Kd3 Ke7 35. h4 Nb6 36. Kd4 Nd7 37. Nh2 h5 38. f4 b6 39. Nf3 Nb8 40. Nd2 Nc6+ 41. Ke4 b5 42. b4 Kd8 43. Kd3 Ne7 44. Ne4 Nf5 45. Kc3 Ke8 46. Kd3 Kd8 47. Kc3 Ke7 48. Kd3 Kd8 49. Kc3 Ke7 1/2-1/2

[Event "FRA-ch U16"]
[Site "Nimes"]
[Date "2012.04.14"]
[Round "1"]
[White "Sarafian, Thomas"]
[Black "Giroyan, Gary"]
[Result "0-1"]
[WhiteElo "1796"]
[BlackElo "2364"]
[PlyCount "52"]
[EventDate "2012.04.14"]
[EventType "swiss"]
[EventRounds "9"]
[EventCountry "FRA"]
[SourceTitle "CBM 148 Extra"]
[Source "ChessBase"]
[SourceDate "2012.06.22"]
[SourceVersion "1"]
[SourceVersionDate "2012.06.22"]
[SourceQuality "1"]

1. e4 c5 2. Nf3 e6 3. d4 cxd4 4. Nxd4 d6 5. Nc3 a6 6. Bc4 Nf6 7. Bb3 Nbd7 8. Bg5 Nc5 9. f4 Be7 10. Qf3 Qc7 11. 0-0 0-0 12. f5 h6 13. Bh4 b5 14. fxe6 fxe6 15. Nf5 Nxb3 16. Nxe7+ Qxe7 17. axb3 Bb7 18. Qe2 g5 19. Bg3 b4 20. Rad1 bxc3 21. Bxd6 Qg7 22. Bxf8 Rxf8 23. bxc3 Nxe4 24. c4 Re8 25. Qh5 Bc6 26. Rfe1 Qa7+ 0-1

[Event "FRA-ch U14"]
[Site "Montlucon"]
[Date "2011.04.18"]
[Round "2"]
[White "Sarafian, Thomas"]
[Black "Lamard, Guillaume"]
[Result "0-1"]
[WhiteElo "1780"]
[BlackElo "2162"]
[PlyCount "60"]
[EventDate "2011.04.17"]
[EventType "swiss"]
[EventRounds "9"]
[EventCountry "FRA"]
[SourceTitle "CBM 142 Extra"]
[Source "ChessBase"]
[SourceDate "2011.06.27"]
[SourceVersion "1"]
[SourceVersionDate "2011.06.27"]
[SourceQuality "1"]

1. d4 Nf6 2. c4 e6 3. Nc3 Bb4 4. Qc2 d5 5. a3 Bxc3+ 6. Qxc3 0-0 7. Bg5 Nbd7 8. Nf3 c5 9. dxc5 Qc7 10. b4 Ne4 11. Qc1 a5 12. cxd5 exd5 13. Bf4 Qd8 14. e3 Qf6 15. Rb1 axb4 16. axb4 Ra2 17. Bg3 Nc3 18. Rb3 Ne4 19. Bd3 Ra1 20. Rb1 Rxb1 21. Qxb1 Qc3+ 22. Ke2 f5 23. Nd4 Qd2+ 24. Kf1 f4 25. Nf3 fxg3 26. Nxd2 Nxd2+ 27. Ke1 Nxb1 28. Bxb1 gxf2+ 29. Ke2 Ne5 30. h3 Bd7 0-1

[Event "FRA-chT U20"]
[Site "Mulhouse"]
[Date "2005.12.19"]
[Round "5"]
[White "Baris, Florent"]
[Black "Sarafian, Thomas"]
[Result "0-1"]
[WhiteElo "1270"]
[BlackElo "1580"]
[PlyCount "46"]
[EventDate "2005.12.??"]
[EventType "team-tourn"]
[EventRounds "11"]
[EventCountry "FRA"]
[SourceTitle "EXT 2007"]
[Source "ChessBase"]
[SourceDate "2006.11.23"]
[SourceVersion "1"]
[SourceVersionDate "2006.11.23"]
[SourceQuality "1"]
[WhiteTeam "Vandoeuvre"]
[BlackTeam "Gonfreville"]
[WhiteTeamCountry "FRA"]
[BlackTeamCountry "FRA"]

1. e4 c5 2. Bc4 e6 3. Nf3 d5 4. Bb3 dxe4 5. Ne5 Bd6 6. Ng4 e5 7. 0-0 Nf6 8. Ne3 Nc6 9. Nc3 0-0 10. d3 exd3 11. cxd3 Re8 12. Nc2 Qc7 13. Bd2 e4 14. Bc4 exd3 15. Bxd3 Bxh2+ 16. Kh1 Bf4 17. Ne2 Bxd2 18. Qxd2 Rd8 19. Ng3 c4 20. Nf5 Bxf5 21. Qe3 Bxd3 22. Rac1 Ng4 23. Qg5 Qh2# 0-1